| 000 | 00604cam a2200205 4500 | ||
|---|---|---|---|
| 008 | 090401t1993 xxu||||| |||| 00| 0 eng d | ||
| 020 | _a1870325117 | ||
| 035 | _a(Sirsi) u7431 | ||
| 041 | _aeng | ||
| 050 | _a695 | ||
| 100 | _aCoates, David T. | ||
| 245 | _aRoofs and roofing : design and specification handbook. | ||
| 260 |
_aCaithness _bWhittles Publishing _c1993 |
||
| 300 | _a228p. : ill. ; 24cm. | ||
| 350 | _a22.5 | ||
| 650 | _aBUILT ENVIRONMENT-BUILDING ELEMENTS-COMPLETE BUILDING ELEMENTS-ROOFS | ||
| 690 | _aBUILT ENVIRONMENT-CONSTRUCTION DESIGN | ||
| 942 | _n0 | ||
| 948 | _c04/03/1997 | ||
| 999 |
_c86416 _d86416 |
||